[Event "GCT 2021 Parigi - Rapid"]
[Site "Parigi"]
[Date "19.06.2021"]
[Round "5R"]
[White "Rapport, Richard"]
[Black "Vachier Lagrave, Maxime"]
[Result "1/2-1/2"]
[WhiteElo "2763"]
[BlackElo "2760"]
[EventDate "2021.06.18"]

1. Nf3 d5 2. d4 Nf6 3. c4 c6 4. Qb3 dxc4 5. Qxc4 Bf5 6. g3 e6 7. Bg2 Be7 8.
O-O Qb6 9. Nc3 O-O 10. e3 a5 11. Re1 Qa6 12. Qxa6 Nxa6 13. e4 Bg6 14. Ne5
Rfd8 15. Be3 Nb4 16. Rac1 Nd7 17. Nxg6 hxg6 18. Red1 e5 19. a3 exd4 20.
Rxd4 Na6 21. Rcd1 Ne5 22. Rxd8+ Rxd8 23. Rxd8+ Bxd8 24. Bf1 Nc7 25. f4 Ng4
26. Ba7 Nf6 27. e5 Nfd5 28. Ne4 b6 29. Bc4 Kf8 30. Kf2 Be7 31. Bb8 Ke8 32.
h4 f5 33. exf6 gxf6 34. f5 gxf5 35. Nc3 b5 36. Nxd5 Nxd5 37. Bd3 Bc5+ 38.
Ke2 Ne7 39. Kd1 Bd4 40. Kc2 Be5 41. Ba7 Bxg3 42. h5 Bd6 43. Bb6 a4 44. h6
Kf7 45. Bd4 Kg6 46. h7 Kxh7 47. Bxf6 Kg6 48. Bxe7 Bxe7 49. Be2 b4 50. Bf3
c5 51. Bc6 bxa3 52. bxa3 f4 53. Kd3 Kf5 54. Bxa4 Kg4 55. Bd1+ Kg3 56. Kc4
f3 57. a4 f2 58. Be2 Bd8 59. a5 Bxa5 60. Kxc5 Kg2 61. Kb5 f1=Q 62. Bxf1+
Kxf1 1/2-1/2

[Event "GCT 2021 Parigi - Rapid"]
[Site "Parigi"]
[Date "19.06.2021"]
[Round "5R"]
[White "Nepomniachtchi, Ian"]
[Black "Aronian, Levon"]
[Result "1-0"]
[WhiteElo "2792"]
[BlackElo "2781"]
[EventDate "2021.06.18"]

1. c4 Nf6 2. Nf3 e6 3. g3 d5 4. Bg2 dxc4 5. Qa4+ Bd7 6. Qxc4 c5 7. Ne5 Qc8
8. b3 Nc6 9. Nxd7 Qxd7 10. Bb2 Be7 11. O-O Rc8 12. Rd1 O-O 13. Nc3 a6 14.
Rac1 b5 15. Qf4 h6 16. d3 Rfd8 17. Qd2 Qa7 18. e3 Qb6 19. Qe2 Nb4 20. a3
Nbd5 21. Nxd5 Nxd5 22. d4 Nf6 23. dxc5 Rxd1+ 24. Rxd1 Bxc5 25. Bxf6 gxf6
26. Qh5 Bxa3 27. Rd7 Rf8 28. Be4 f5 29. Qxh6 fxe4 30. Rd5 Qxe3 31. Qxe3
exd5 32. Qg5+ Kh8 33. Qxd5 f5 34. Qd4+ Kg8 35. b4 Bc1 36. Qb6 Rf7 37. Qxa6
e3 38. Qc8+ 1-0

[Event "GCT 2021 Parigi - Rapid"]
[Site "Parigi"]
[Date "19.06.2021"]
[Round "6R"]
[White "So, Wesley"]
[Black "Aronian, Levon"]
[Result "1/2-1/2"]
[WhiteElo "2770"]
[BlackElo "2781"]
[EventDate "2021.06.18"]

1. d4 Nf6 2. c4 e6 3. Nc3 Bb4 4. e3 O-O 5. Bd3 d5 6. a3 Bxc3+ 7. bxc3 dxc4
8. Bxc4 c5 9. Nf3 Qc7 10. Be2 b6 11. Bb2 Bb7 12. O-O Rd8 13. Re1 Nc6 14.
Bd3 e5 15. Bf1 Rd6 16. a4 Re8 17. Rc1 Bc8 18. h3 Bf5 19. Bb5 Re7 20. Qe2 e4
21. Nd2 Na5 22. Qd1 Bc8 23. Bf1 Rd5 24. c4 Rg5 25. f4 exf3 26. Qxf3 Rf5 27.
Qd1 Rg5 28. Qf3 Rf5 29. Qd1 Rg5 30. Qf3 1/2-1/2

[Event "GCT 2021 Parigi - Rapid"]
[Site "Parigi"]
[Date "19.06.2021"]
[Round "6R"]
[White "Vachier Lagrave, Maxime"]
[Black "Nepomniachtchi, Ian"]
[Result "1-0"]
[WhiteElo "2760"]
[BlackElo "2792"]
[EventDate "2021.06.18"]

1. e4 e6 2. d4 d5 3. e5 c5 4. c3 Nc6 5. Nf3 Bd7 6. Be2 Nge7 7. h4 f6 8. h5
Qb6 9. g4 Ng8 10. Na3 cxd4 11. cxd4 fxe5 12. dxe5 Bc5 13. Nb5 Nxe5 14. Nxe5
Bxb5 15. O-O Nf6 16. Bxb5+ Qxb5 17. g5 Ne4 18. Qg4 Qb6 19. g6 O-O-O 20. Bf4
hxg6 21. Rac1 gxh5 22. Qg6 Rhf8 23. Bh2 Rf6 24. Qxg7 Rxf2 25. Rxf2 Nxf2 26.
Nd7 1-0

[Event "GCT 2021 Parigi - Rapid"]
[Site "Parigi"]
[Date "19.06.2021"]
[Round "6R"]
[White "Firouzja,Alireza"]
[Black "Rapport, Richard"]
[Result "1/2-1/2"]
[WhiteElo "2759"]
[BlackElo "2763"]
[EventDate "2021.06.18"]

1. e4 c5 2. Nf3 e6 3. d4 cxd4 4. Nxd4 Nc6 5. Nc3 Nf6 6. Ndb5 Bb4 7. a3
Bxc3+ 8. Nxc3 d5 9. Bd3 dxe4 10. Nxe4 Nxe4 11. Bxe4 Qxd1+ 12. Kxd1 Bd7 13.
Be3 f5 14. Bf3 e5 15. Kc1 Rc8 16. g3 Kf7 17. Rd1 Be6 18. b3 g5 19. Kb2 f4
20. gxf4 gxf4 21. Bd2 Nd4 22. Be4 Kf6 23. Bc3 Nb5 24. Bb4 Bf5 25. Bxf5 Kxf5
26. Rd7 Nd4 27. Bc3 Ne2 28. Bxe5 Kxe5 29. Re7+ Kf5 30. Rxe2 Kg4 31. Re7 Kf3
32. Rxb7 Kxf2 33. Rxa7 f3 34. a4 Ra8 35. Rc7 Rac8 36. Rb7 Rb8 37. Rb5 Rhf8
38. c4 Rbe8 39. Rd5 Re1 40. Rd2+ Re2 41. Kc3 Ke3 42. Rd3+ Ke4 43. a5 f2 44.
Rdd1 Rf3+ 45. Kb4 Rb2 46. a6 Rbxb3+ 47. Kc5 Rf5+ 48. Kc6 Rf6+ 49. Kc5 Rf5+
50. Kc6 Rf6+ 51. Kc5 Rbb6 52. Rd4+ Ke5 53. Rd5+ Ke4 54. Rd4+ Ke5 55. Rd5+
1/2-1/2

[Event "GCT 2021 Parigi - Rapid"]
[Site "Parigi"]
[Date "19.06.2021"]
[Round "6R"]
[White "Svidler, Peter"]
[Black "Bacrot, Etienne"]
[Result "1/2-1/2"]
[WhiteElo "2714"]
[BlackElo "2678"]
[EventDate "2021.06.18"]

1. c4 e6 2. g3 d5 3. Bg2 Nf6 4. Nf3 Be7 5. O-O O-O 6. d4 c6 7. Qc2 Nbd7 8.
a4 b6 9. a5 Ba6 10. b3 c5 11. Rd1 Qc8 12. Bb2 Rd8 13. Nc3 Bb7 14. cxd5 exd5
15. e3 h6 16. Bh3 Qc7 17. a6 Bc6 18. Ne5 Nf8 19. Nxc6 Qxc6 20. Qe2 Ne6 21.
Qb5 Qd6 22. Qa4 Ng5 23. Bg2 Qe6 24. Ne2 Qg4 25. Nf4 Nf3+ 26. Bxf3 Qxf3 27.
Qb5 Rac8 28. dxc5 Ne4 29. Qe2 Qxe2 30. Nxe2 bxc5 31. Nf4 Bf6 32. Bxf6 Nxf6
33. Ra5 g5 34. Ne2 Rd6 35. Nc3 Rcc6 36. Kg2 Kg7 37. h3 Kg6 38. g4 d4 39.
Nb5 Rxa6 40. Rxa6 Rxa6 41. exd4 cxd4 42. Rxd4 h5 43. Ra4 Rb6 44. Nd4 hxg4
45. hxg4 Nxg4 46. Rxa7 Rb4 47. Ra4 Rb6 48. b4 Rf6 49. f3 Ne3+ 50. Kf2 Nf5
51. Nxf5 Rxf5 52. Ra3 Rb5 53. Rb3 f5 54. Ke3 Kh5 55. Kd4 g4 56. fxg4+ fxg4
57. Kc4 Rb8 58. b5 Kh4 59. b6 g3 60. Kb5 g2 61. Rb1 Kg3 62. Rg1 Kh2 63.
Rxg2+ Kxg2 64. Kc6 Rxb6+ 65. Kxb6 1/2-1/2

[Event "GCT 2021 Parigi - Rapid"]
[Site "Parigi"]
[Date "19.06.2021"]
[Round "6R"]
[White "Radjabov, Teimour"]
[Black "Caruana, Fabiano"]
[Result "1/2-1/2"]
[WhiteElo "2765"]
[BlackElo "2820"]
[EventDate "2021.06.18"]

1. d4 Nf6 2. c4 e6 3. Nf3 d5 4. Nc3 Bb4 5. Bg5 h6 6. Bxf6 Qxf6 7. e3 O-O 8.
Rc1 dxc4 9. Bxc4 c5 10. Qb3 cxd4 11. Qxb4 Nc6 12. Ne4 Nxb4 13. Nxf6+ gxf6
14. Nxd4 Bd7 15. a3 Na6 16. Ke2 Nc7 17. Rhd1 Rfd8 18. Bd3 Ne8 19. e4 Nd6
20. Ke3 e5 21. Ne2 Be6 22. Nc3 Rac8 23. Nb5 Nxb5 24. Bxb5 Rxd1 25. Rxd1 Rc2
26. Rd2 Rxd2 27. Kxd2 f5 28. exf5 Bxf5 29. Ke3 Kg7 30. f4 Kf6 31. Be2 exf4+
32. Kxf4 b6 33. g4 Bd7 34. h4 Bc6 35. g5+ hxg5+ 36. hxg5+ Ke7 37. Ke5 Bd7
38. Kd5 Ba4 39. Bg4 a5 40. Bh3 Bb5 41. b3 Be8 42. Bg4 Bb5 43. a4 Be8 44.
Be2 Bd7 45. Bc4 Be8 46. Bb5 Bxb5 47. axb5 Kd7 48. Ke5 Ke7 49. Kd5 Kd7 50.
Ke5 Ke7 51. Kd5 Kd7 52. Ke5 1/2-1/2

[Event "GCT 2021 Parigi - Rapid"]
[Site "Parigi"]
[Date "20.06.2021"]
[Round "7R"]
[White "Caruana, Fabiano"]
[Black "So, Wesley"]
[Result "0-1"]
[WhiteElo "2820"]
[BlackElo "2770"]
[EventDate "2021.06.18"]

1. e4 e5 2. Nf3 Nc6 3. Bb5 Nf6 4. O-O Nxe4 5. Re1 Nd6 6. Nxe5 Be7 7. Bf1
Nxe5 8. Rxe5 O-O 9. d4 Bf6 10. Re1 Re8 11. Nc3 Rxe1 12. Qxe1 Bxd4 13. Bf4
Ne8 14. Nd5 d6 15. Bg5 f6 16. Bh4 g5 17. Qe4 Bxb2 18. Rb1 Be5 19. f4 gxh4
20. fxe5 dxe5 21. Bc4 Be6 22. Rxb7 Kh8 23. Bd3 Bg8 24. Nxc7 Nd6 25. Qxh4
Nxb7 26. Nxa8 Nc5 27. Bf5 e4 28. h3 Qd4+ 29. Kh1 Qa1+ 0-1

[Event "GCT 2021 Parigi - Rapid"]
[Site "Parigi"]
[Date "20.06.2021"]
[Round "7R"]
[White "Bacrot, Etienne"]
[Black "Radjabov, Teimour"]
[Result "1/2-1/2"]
[WhiteElo "2678"]
[BlackElo "2765"]
[EventDate "2021.06.18"]

1. e4 e5 2. Nf3 Nc6 3. Bb5 Nf6 4. O-O Nxe4 5. Re1 Nd6 6. Nxe5 Be7 7. Bf1
Nxe5 8. Rxe5 O-O 9. Nc3 Bf6 10. Re1 b6 11. Nd5 Bb7 12. Nxf6+ Qxf6 13. d3
Nf5 14. Qg4 c5 15. c3 Rfe8 16. Bd2 Bc6 17. h3 h6 18. Qf4 d6 19. Rxe8+ Rxe8
20. g4 Nh4 21. Qxf6 gxf6 22. Bxh6 Nf3+ 23. Kg2 Nd2+ 24. Kg3 Nxf1+ 25. Rxf1
Re2 26. Bc1 Bb5 27. Rd1 Ba4 28. b3 Bc6 29. Rd2 Re1 30. Bb2 Rg1+ 31. Kh4 f5
32. gxf5 Bd7 33. c4 Bxf5 34. d4 Kh7 35. dxc5 dxc5 36. Rd8 Rg8 37. Rd5 Kg6
38. Rd6+ Be6 39. Kg3 Kf5+ 40. Kf3 f6 41. Rd3 Rh8 42. Kg2 Kg6 43. Rg3+ Kf7
44. Rf3 Rh6 45. h4 Rxh4 46. Bxf6 Rg4+ 47. Kf1 Kg6 48. Be5 Bf5 49. Bb8 a6
50. Ba7 b5 51. cxb5 axb5 52. Bxc5 Rh4 53. Rg3+ Kf7 54. Ke2 Ke6 55. Kd2 Kd5
56. Rg5 Ke6 57. Kc3 Bb1 58. a3 Bf5 59. Be3 Kf6 60. Rg8 Kf7 61. Rd8 Be6 62.
Rd6 Re4 63. Rb6 Bd7 64. Bd4 Rf4 65. Rh6 Ke8 66. Bc5 Rg4 67. Rh8+ Kf7 68.
Rh7+ Rg7 69. Rh5 Rg4 70. Bd4 Rf4 71. Rh7+ Ke6 72. Rh6+ Kd5 73. Be3 Re4 74.
Ra6 Rh4 75. Kd3 Bf5+ 76. Kd2 Bd7 77. Kc3 Bc6 78. Ra7 Ke6 79. f4 Rh5 80. a4
bxa4 81. bxa4 Rh8 82. Ra6 Kd7 83. f5 Ra8 84. Ba7 Rf8 85. Ra5 Be4 86. Kd4
Rxf5 87. Bc5 Bb7 88. Rb5 Bc6 89. Ra5 Rf4+ 90. Kc3 Rxa4 91. Rxa4 Bxa4
1/2-1/2

[Event "GCT 2021 Parigi - Rapid"]
[Site "Parigi"]
[Date "20.06.2021"]
[Round "7R"]
[White "Rapport, Richard"]
[Black "Svidler, Peter"]
[Result "1-0"]
[WhiteElo "2763"]
[BlackElo "2714"]
[EventDate "2021.06.18"]

1. d4 Nf6 2. c4 g6 3. h4 c5 4. d5 b5 5. cxb5 a6 6. e3 Bg7 7. Nc3 O-O 8. a4
Bb7 9. Nf3 e6 10. dxe6 fxe6 11. Qd6 axb5 12. Bxb5 Ne4 13. Nxe4 Bxe4 14. h5
Qf6 15. h6 Bh8 16. Rh4 Bxf3 17. Rf4 Qd8 18. Bxd7 1-0

[Event "GCT 2021 Parigi - Rapid"]
[Site "Parigi"]
[Date "20.06.2021"]
[Round "7R"]
[White "Nepomniachtchi, Ian"]
[Black "Firouzja,Alireza"]
[Result "1/2-1/2"]
[WhiteElo "2792"]
[BlackElo "2759"]
[EventDate "2021.06.18"]

1. e4 e5 2. Nf3 Nc6 3. Bc4 Bc5 4. d3 Nf6 5. Nc3 h6 6. h3 a6 7. Be3 Bxe3 8.
fxe3 d6 9. d4 O-O 10. O-O b5 11. Bd3 Bb7 12. Qe1 Re8 13. Qg3 b4 14. Nd5
Nxd5 15. exd5 e4 16. dxc6 Bxc6 17. Nh4 exd3 18. cxd3 Qg5 19. Qxg5 hxg5 20.
Nf5 Bb5 21. Rad1 d5 22. Rf3 Re6 23. Rg3 g6 24. Rxg5 Kh7 25. Nh4 Rxe3 26.
Rxd5 Re2 27. Rf1 Kg8 28. Rf2 Bxd3 29. Rxe2 Bxe2 30. Rc5 Rd8 31. Kf2 Rxd4
32. Kxe2 Rxh4 33. Ke3 Kg7 34. b3 Rh8 35. Rxc7 Re8+ 36. Kf3 Re5 37. Rc4 Ra5
38. Rxb4 Rxa2 39. Ra4 Rb2 40. Rxa6 Rxb3+ 41. Kf2 Rb2+ 42. Kf3 Rb3+ 43. Kf2
Rb2+ 1/2-1/2

[Event "GCT 2021 Parigi - Rapid"]
[Site "Parigi"]
[Date "20.06.2021"]
[Round "7R"]
[White "Aronian, Levon"]
[Black "Vachier Lagrave, Maxime"]
[Result "1/2-1/2"]
[WhiteElo "2781"]
[BlackElo "2760"]
[EventDate "2021.06.18"]

1. d4 Nf6 2. c4 g6 3. Nf3 Bg7 4. g3 c6 5. Nc3 d5 6. Qb3 O-O 7. Bg2 dxc4 8.
Qxc4 b5 9. Qd3 b4 10. Na4 Bf5 11. Qd1 Nbd7 12. O-O Be4 13. Bd2 a5 14. a3
Qb8 15. axb4 axb4 16. Qb3 Ra7 17. Qxb4 Qa8 18. b3 Rb8 19. Qa3 Bd5 20. Qc1
Ne4 21. Rb1 Nxd2 22. Qxd2 Rxb3 23. Rxb3 Bxb3 24. Nc3 Ra1 25. Qb2 Rxf1+ 26.
Bxf1 Qb8 27. e3 Bd5 28. Qxb8+ Nxb8 29. Nxd5 cxd5 30. Bb5 e6 31. Kg2 Kf8 32.
h4 Ke7 33. Kh3 h6 34. h5 g5 35. Ne5 Bxe5 36. dxe5 Nd7 37. Bxd7 Kxd7 38. f4
gxf4 39. exf4 Ke7 40. g4 f6 41. Kg3 fxe5 42. fxe5 Kf7 43. Kf3 Kg7 44. Kg3
Kf7 45. Kf3 Kg7 46. Kg3 Kf7 1/2-1/2

[Event "GCT 2021 Parigi - Rapid"]
[Site "Parigi"]
[Date "20.06.2021"]
[Round "8R"]
[White "So, Wesley"]
[Black "Vachier Lagrave, Maxime"]
[Result "1-0"]
[WhiteElo "2770"]
[BlackElo "2760"]
[EventDate "2021.06.18"]

1. d4 Nf6 2. c4 g6 3. Nc3 d5 4. cxd5 Nxd5 5. e4 Nxc3 6. bxc3 Bg7 7. Nf3 c5
8. h3 O-O 9. Be2 Nc6 10. Be3 cxd4 11. cxd4 f5 12. Bc4+ Kh8 13. O-O f4 14.
Bd2 Nxd4 15. Bc3 Nxf3+ 16. Qxf3 Bd7 17. Rfd1 Qc7 18. Rac1 Rad8 19. Bb4 Bc6
20. Bd5 Qe5 21. Rc5 Bxd5 22. exd5 Rd7 23. d6 Qe6 24. dxe7 Rxd1+ 25. Qxd1
Qxe7 26. Rc4 Rd8 27. Rc8 1-0

[Event "GCT 2021 Parigi - Rapid"]
[Site "Parigi"]
[Date "20.06.2021"]
[Round "8R"]
[White "Firouzja,Alireza"]
[Black "Aronian, Levon"]
[Result "1/2-1/2"]
[WhiteElo "2759"]
[BlackElo "2781"]
[EventDate "2021.06.18"]

1. e4 e5 2. Nf3 Nc6 3. Bc4 Bc5 4. d3 Nf6 5. Bg5 d6 6. c3 h6 7. Bh4 a6 8. a4
Ba7 9. Nbd2 O-O 10. O-O g5 11. Bg3 Na5 12. Ba2 Nh5 13. d4 Nxg3 14. hxg3 Nc6
15. Nc4 g4 16. Nh4 exd4 17. Rc1 b5 18. Na3 dxc3 19. Bd5 Bd7 20. Nf5 Ne5 21.
Bxa8 cxb2 22. Rb1 Qxa8 23. Ne7+ Kg7 24. Nd5 Bc5 25. Nc2 bxa4 26. Rxb2 a3
27. Ra2 Bb5 28. Nxc7 Qxe4 29. Nxb5 axb5 30. Nxa3 b4 31. Nb1 h5 32. Nd2 Qg6
33. Nb3 Bb6 34. Ra4 Rb8 35. Kh1 h4 36. Kh2 Rh8 37. gxh4 Rxh4+ 38. Kg3 Rh5
39. Rxb4 Qf6 40. Rxb6 Ng6 41. Qd4 Ne5 42. Rxd6 Qh4+ 43. Kf4 Qh2+ 44. Ke3
Qxg2 45. Nd2 g3 46. Qe4 Qh3 47. fxg3 Ng4+ 48. Kd3 Qxg3+ 49. Nf3 Qxd6+ 50.
Qd4+ Ne5+ 51. Nxe5 Qxe5 52. Rg1+ Kh6 53. Qe3+ Rg5 54. Qxe5 Rxe5 55. Kd4 f6
56. Rg2 Re6 57. Rh2+ Kg5 58. Rg2+ Kf4 59. Rf2+ Kg4 60. Kd5 Ra6 61. Rf1 f5
62. Rg1+ Kf4 63. Rf1+ Kg5 64. Rg1+ Kf6 65. Kd4 Re6 66. Rf1 Re8 67. Kd3 Re4
68. Rh1 Re7 69. Rf1 Re8 70. Kd4 Re4+ 71. Kd3 Ke5 72. Rh1 Kf4 73. Rf1+ Kg5
74. Rg1+ Rg4 75. Rf1 Re4 76. Rg1+ Kf6 77. Rf1 Re5 78. Kd4 Re8 79. Kd3 Re4
80. Rh1 Ke6 81. Rh8 Kf6 82. Rh1 Re5 83. Kd4 Re2 84. Kd3 Re7 85. Rf1 Kg5 86.
Rg1+ Kf4 87. Rf1+ Kg4 88. Rg1+ Kh3 89. Rf1 Re5 90. Kd4 Re4+ 91. Kd3 Re5 92.
Kd4 Ra5 93. Ke3 Kg2 94. Rf2+ Kg3 95. Rf3+ Kg4 96. Rf4+ Kg5 97. Rb4 f4+ 98.
Kf2 Ra2+ 99. Kf3 Ra3+ 100. Kf2 Kg4 101. Rb2 Ra8 102. Kg2 Ra1 103. Rb3 Ra2+
104. Kf1 Rd2 105. Ra3 Kf5 106. Ra5+ Ke4 107. Ra3 Rb2 108. Rc3 Rb1+ 109. Kf2
Rh1 110. Rc4+ Kf5 111. Rc5+ Kg4 112. Rc3 Rh2+ 113. Kf1 Rd2 114. Ra3 Rh2
115. Rb3 Rh3 116. Rxh3 Kxh3 117. Kf2 Kg4 118. Kg2 f3+ 119. Kf2 Kf4 120. Kf1
Kg3 121. Kg1 f2+ 122. Kf1 Kf3 1/2-1/2

[Event "GCT 2021 Parigi - Rapid"]
[Site "Parigi"]
[Date "20.06.2021"]
[Round "8R"]
[White "Svidler, Peter"]
[Black "Nepomniachtchi, Ian"]
[Result "1/2-1/2"]
[WhiteElo "2714"]
[BlackElo "2792"]
[EventDate "2021.06.18"]

1. d4 e6 2. e4 d5 3. Nc3 Nf6 4. e5 Nfd7 5. f4 c5 6. Nf3 Nc6 7. Be3 a6 8. a3
cxd4 9. Nxd4 Bc5 10. Qd2 g5 11. f5 Nxd4 12. Bxd4 Bxd4 13. Qxd4 Qb6 14. Qxb6
Nxb6 15. fxe6 fxe6 16. h4 g4 17. Bd3 Nd7 18. O-O Ke7 19. Rae1 b5 20. Rf4 h5
21. Bg6 Rh6 22. Rf7+ Ke8 23. Rf6+ Ke7 24. Rf7+ Ke8 25. Rf6+ Ke7 26. Rf7+
1/2-1/2

[Event "GCT 2021 Parigi - Rapid"]
[Site "Parigi"]
[Date "20.06.2021"]
[Round "8R"]
[White "Radjabov, Teimour"]
[Black "Rapport, Richard"]
[Result "1/2-1/2"]
[WhiteElo "2765"]
[BlackElo "2763"]
[EventDate "2021.06.18"]

1. d4 Nf6 2. c4 e6 3. Nf3 b6 4. a3 Bb7 5. Nc3 Ne4 6. Nxe4 Bxe4 7. e3 c5 8.
Bd3 Bxf3 9. Qxf3 Nc6 10. Be4 Rc8 11. O-O Na5 12. d5 Bd6 13. Rd1 Qc7 14. Qh3
Nb3 15. Rb1 g6 16. dxe6 dxe6 17. Bc2 Nxc1 18. Ba4+ Kf8 19. Qh6+ Kg8 20.
Rbxc1 Bf8 21. Qh4 Be7 22. Qe4 Bd6 23. Rd2 Rd8 24. g3 h5 25. Rcd1 Kh7 26. f4
Rhf8 27. Kg2 Qe7 28. Qc6 Bb8 29. Rd7 Qf6 30. R1d2 Kg7 31. h4 Rc8 32. Qf3
Rfd8 33. e4 Rxd7 34. Bxd7 Rd8 35. e5 Qf5 36. Qe2 Bc7 37. Bc6 Qb1 38. Rxd8
Bxd8 39. Be4 Qc1 40. Qc2 Qxc2+ 41. Bxc2 f6 42. exf6+ Bxf6 43. b3 Bb2 44. a4
Kf6 45. Kf3 Bc3 46. Bd3 Bb2 47. Bc2 Bc3 48. Bd3 Bb2 49. Bc2 1/2-1/2

[Event "GCT 2021 Parigi - Rapid"]
[Site "Parigi"]
[Date "20.06.2021"]
[Round "8R"]
[White "Caruana, Fabiano"]
[Black "Bacrot, Etienne"]
[Result "0-1"]
[WhiteElo "2820"]
[BlackElo "2678"]
[EventDate "2021.06.18"]

1. e4 c5 2. Nf3 d6 3. d4 cxd4 4. Nxd4 Nf6 5. Nc3 Nc6 6. Bg5 e6 7. Qd2 a6 8.
O-O-O Bd7 9. f3 Nxd4 10. Qxd4 Be7 11. Kb1 Rc8 12. h4 h6 13. Be3 h5 14. Qd2
b5 15. Ne2 Qc7 16. Bg5 a5 17. Nd4 Rb8 18. Bd3 b4 19. f4 a4 20. Rhe1 Qc5 21.
Nf3 Bc6 22. e5 Bxf3 23. exf6 Bxd1 24. fxg7 Rg8 25. Qxd1 Rxg7 26. Qxh5 Qd4
27. Qd1 Bf6 28. Bxf6 Qxf6 29. Qf3 Kf8 30. Qc6 Qd4 31. Qxa4 Rxg2 32. a3 Rg1
33. Rxg1 Qxg1+ 34. Ka2 bxa3 35. b3 Qc1 36. Qd4 Qb2+ 37. Qxb2 axb2 38. Kxb2
Ke7 39. h5 Rg8 40. b4 Rg4 41. f5 Rxb4+ 42. Kc3 Rh4 43. fxe6 Kxe6 44. Be2
Ke5 45. Kd3 Rh3+ 46. Kd2 Kf4 47. Bc4 f5 48. Bf7 Ke5 49. Bg6 Kf4 50. Ke2
Rh2+ 51. Kd3 Kg4 52. Kd4 f4 53. Kd5 f3 54. Bd3 Kxh5 55. Kxd6 Rd2 0-1

[Event "GCT 2021 Parigi - Rapid"]
[Site "Parigi"]
[Date "20.06.2021"]
[Round "9R"]
[White "Bacrot, Etienne"]
[Black "So, Wesley"]
[Result "1/2-1/2"]
[WhiteElo "2678"]
[BlackElo "2770"]
[EventDate "2021.06.18"]

1. e4 e5 2. Nf3 Nc6 3. Bb5 Nf6 4. O-O Nxe4 5. Re1 Nd6 6. Nxe5 Be7 7. Bf1
Nxe5 8. Rxe5 O-O 9. Nc3 Ne8 10. Nd5 Bd6 11. Re1 c6 12. Ne3 Be7 13. Nf5 Bg5
14. d4 Bxc1 15. Rxc1 d5 16. Ne7+ Kh8 17. Nxc8 Rxc8 18. c3 Nd6 19. Bd3 Re8
20. Re5 Qd7 21. Qf3 f6 22. Ree1 Rxe1+ 23. Rxe1 Re8 24. Rxe8+ Qxe8 25. Kf1
Qe6 26. Qh5 f5 27. Qg5 g6 28. Qd8+ Kg7 29. Qc7+ Kh6 30. Qd8 Kg7 31. Qc7+
Kh6 32. Qd8 Kg7 1/2-1/2

[Event "GCT 2021 Parigi - Rapid"]
[Site "Parigi"]
[Date "20.06.2021"]
[Round "9R"]
[White "Aronian, Levon"]
[Black "Svidler, Peter"]
[Result "0-1"]
[WhiteElo "2781"]
[BlackElo "2714"]
[EventDate "2021.06.18"]

1. d4 Nf6 2. c4 g6 3. Nf3 Bg7 4. g3 O-O 5. Bg2 c6 6. Nc3 d5 7. Qb3 dxc4 8.
Qxc4 Bf5 9. O-O Nbd7 10. Re1 Ne4 11. Nh4 Be6 12. Qd3 Nxc3 13. bxc3 Qa5 14.
a4 Nc5 15. Qd1 Qxc3 16. Ba3 Bxd4 17. Rb1 Bxf2+ 18. Kxf2 Qxa3 19. Qc1 Qxc1
20. Rexc1 Nb3 21. Rc3 Na5 22. Nf3 Rfd8 23. Ne5 Rac8 24. Rc5 b6 25. Rxa5
bxa5 26. Nxc6 Rd7 27. Rb5 Rdc7 28. Nd4 Rc5 29. Rb7 R8c7 30. Rb8+ Kg7 31.
Nxe6+ fxe6 32. Bh3 Rc4 33. Bxe6 Rxa4 34. Rb5 Kf6 35. Bh3 Rc6 36. Bg2 Ra6
37. Rb8 Rb4 38. Rf8+ Kg7 39. Re8 a4 40. Bd5 a3 41. Ba2 Rb2 42. Rxe7+ Kf8
0-1

[Event "GCT 2021 Parigi - Rapid"]
[Site "Parigi"]
[Date "20.06.2021"]
[Round "9R"]
[White "Vachier Lagrave, Maxime"]
[Black "Firouzja,Alireza"]
[Result "1-0"]
[WhiteElo "2760"]
[BlackElo "2759"]
[EventDate "2021.06.18"]

1. e4 e5 2. Nf3 Nc6 3. Bb5 a6 4. Ba4 b5 5. Bb3 Na5 6. d4 exd4 7. Nxd4 Bb7
8. O-O c5 9. Nf5 c4 10. Bf4 cxb3 11. axb3 Nc6 12. Nc3 g6 13. Nd6+ Bxd6 14.
Bxd6 Nge7 15. Nd5 O-O 16. Bc7 Qc8 17. Nf6+ Kg7 18. Qd6 Ra7 19. Rad1 Ng8 20.
Nxd7 Re8 21. Bb6 Ra8 22. Qd3 f6 23. f4 Nb4 24. Qd2 Qxc2 25. Qxb4 Rxe4 26.
Qc3 Re2 27. Qxc2 Rxc2 28. Rf2 Rxf2 29. Kxf2 Kf7 30. Nc5 Bc6 31. Rd6 Ne7 32.
Ne6 Rc8 33. g4 Bd5 34. Nc7 Bxb3 35. Ba5 h5 36. g5 fxg5 37. fxg5 Bc2 38.
Rxa6 b4 39. Rf6+ Kg8 40. Re6 Kf7 41. Rd6 b3 42. Bb6 Bf5 43. h4 Bc2 44. Ke1
Bf5 45. Kd2 Rb8 46. Bc5 Rc8 47. Bb6 Rb8 48. Kc3 Rb7 49. Kc4 Bc2 50. Rf6+
Kg8 51. Ne6 Rxb6 52. Rf8+ Kh7 53. Rf7+ Kg8 54. Rg7+ Kh8 55. Rxe7 Ra6 56.
Kd5 Ra1 57. Rf7 Bf5 58. Nd4 Bc2 59. Ke5 Ra5+ 60. Kf6 Ra6+ 61. Ne6 Bf5 62.
Re7 Kg8 63. Re8+ Kh7 64. Kf7 Bxe6+ 65. Rxe6 Ra4 66. Re7 Rf4+ 67. Ke6+ Kg8
68. Rb7 Rxh4 69. Kf6 Rd4 70. Kxg6 Rd6+ 71. Kxh5 Rd3 72. Kh6 Rh3+ 73. Kg6
Kf8 74. Rb8+ Ke7 75. Kg7 Rg3 76. g6 Ke6 77. Rb6+ 1-0

[Event "GCT 2021 Parigi - Blitz"]
[Site "Parigi"]
[Date "21.06.2021"]
[Round "1B"]
[White "Nepomniachtchi, Ian"]
[Black "Rapport, Richard"]
[Result "1/2-1/2"]
[WhiteTitle "GM"]
[BlackTitle "GM"]
[WhiteElo "2792"]
[BlackElo "2763"]
[WhiteFideId "4168119"]
[BlackFideId "738590"]
[EventDate "2021.06.21"]

1. e4 c5 2. Nf3 e6 3. d4 cxd4 4. Nxd4 Nf6 5. Nc3 Nc6 6. Ndb5 Bb4 7. a3 Bxc3+ 8.
Nxc3 d5 9. exd5 exd5 10. Bd3 O-O 11. O-O Bg4 12. f3 Bh5 13. Bg5 Qb6+ 14. Kh1 Ne4
15. Nxe4 dxe4 16. Bxe4 Qxb2 17. Qb1 Qb6 18. Qxb6 axb6 19. Rfb1 Bg6 20. Bxc6 bxc6
21. Rxb6 h6 22. Be7 Rfe8 23. Bb4 Rac8 24. a4 c5 25. Bc3 Re3 26. Bd2 Re2 27. Bf4
Rce8 28. Bg3 Rxc2 29. a5 Ree2 30. a6 Ra2 31. Rxa2 Rxa2 32. Kg1 Bd3 33. Rc6 Ra1+
34. Kf2 Ra2+ 35. Kg1 Ra1+ 36. Kf2 Ra2+ 1/2-1/2

[Event "GCT 2021 Parigi - Blitz"]
[Site "Parigi"]
[Date "21.06.2021"]
[Round "1B"]
[White "Radjabov, Teimour"]
[Black "Firouzja, Alireza"]
[Result "0-1"]
[WhiteTitle "GM"]
[BlackTitle "GM"]
[WhiteElo "2765"]
[BlackElo "2759"]
[WhiteFideId "13400924"]
[BlackFideId "12573981"]
[EventDate "2021.06.21"]

1. d4 d5 2. Nf3 Nf6 3. c4 e6 4. Nc3 dxc4 5. e4 b5 6. e5 Nd5 7. Nxb5 Nb6 8. Nc3
Be7 9. Be2 Nc6 10. O-O Bb7 11. Be3 Qd7 12. Rc1 g5 13. Bxg5 Rg8 14. Bxe7 Nxe7 15.
Ne1 O-O-O 16. Bf3 Qxd4 17. Bxb7+ Kxb7 18. Qf3+ Nc6 19. Nc2 Qd3 20. Ne3 Nd5 21.
Ne4 Nd4 22. Nc5+ Kb6 23. Qxd5 exd5 24. Nxd3 cxd3 25. Rcd1 Nf3+ 26. Kh1 Nxe5 27.
f4 d4 28. Nf5 Ng4 29. Rxd3 c5 30. h3 Nf6 31. Rc1 Ne4 32. Kh2 a5 33. a3 a4 34. b3
axb3 35. Rxb3+ Kc7 36. a4 d3 37. Ne3 Rd4 38. a5 Ra8 39. Rcb1 Ra7 40. a6 Nd6 41.
Rc3 c4 42. Rb4 d2 43. Nxc4 d1=Q 44. Ne5+ Kd8 45. Nc6+ Kd7 46. Rxd4 Qa1 47. Rdd3
Rxa6 48. Nb8+ Ke6 49. Nxa6 Qxa6 50. Re3+ Kf6 51. Rc5 Nf5 52. Ree5 Nd4 53. Rh5
Qe2 54. Kg3 Qe3+ 55. Kg4 Ne6 56. Rcf5+ Kg7 57. g3 Qe1 0-1